000 00458cam a22001934a 4500
005 20250605164313.0
008 250528s ||||||||||||||||||||||||d
035 _a22565
020 _a9780471752165
040 _aGR-AtMCL
_bgre
_dGR-AtMCL
_eAACR2
245 1 _aARCHITECTURE: FORM, SPACE AND ORDER
250 _a3
260 _bWiley,
_c2007
300 _a431
700 1 _aChing Francis D.K
_95806
942 _cBK
999 _c7613
_d7613